Most Spoken Non-English Languages in Alaska - Statistics

General Stats
  • This quiz has been taken 47 times
    9 since last reset
  • The average score is 6 of 10
Answer Stats
Number of Speakers Language % Correct
1k Chinese
100%
2.2k Korean
100%
1.4k Russian
100%
5.9k Spanish
100%
7k Tagalog
100%
~700 Japanese
86%
~700 Lao
29%
~500 Ilocano
14%
~900 Samoan
14%
1.9k Hmong
0%
No matching quizzes found
Score Distribution
Percent of People with Each Score
Percentile by Number Answered
Your Score History
You have not taken this quiz since the last reset